|
|
|
|
| LEADER |
00000nam a2200000Ii 4500 |
| 001 |
DIGUCAUCA0167 |
| 003 |
NyNyDIG |
| 006 |
m o d |
| 007 |
cr ||||||||||| |
| 008 |
250611s2023 ck a ob 000 0 spa d |
| 035 |
|
|
|a (OCoLC)1517038602
|
| 040 |
|
|
|a DGITA
|b eng
|e rda
|e pn
|c DGITA
|
| 020 |
|
|
|a 9789587326277
|q digital
|
| 020 |
|
|
|z 9789587326260
|q impreso
|
| 050 |
1 |
4 |
|a QM100 ebook
|
| 100 |
1 |
|
|a Ruiz Orozco, Martín Alonso,
|e author.
|
| 245 |
1 |
0 |
|a Guías para estudiar el aparato locomotor en el anfiteatro /
|c Martín Alonso Ruiz Orozco.
|
| 250 |
|
|
|a Primera edición en español.
|
| 264 |
|
1 |
|a Popayán, Colombia :
|b Editorial Universidad del Cauca,
|c 2023.
|
| 300 |
|
|
|a 1 online resource :
|b illustrations.
|
| 336 |
|
|
|a text
|b txt
|2 rdacontent
|
| 337 |
|
|
|a computer
|b c
|2 rdamedia
|
| 338 |
|
|
|a online resource
|b cr
|2 rdacarrier
|
| 347 |
|
|
|a text file
|2 rdaft
|
| 347 |
|
|
|b PDF
|
| 504 |
|
|
|a Includes bibliographical references.
|
| 588 |
0 |
|
|a Online resource; title from PDF title page (Digitalia, viewed June 11, 2025)
|
| 650 |
|
0 |
|a Musculoskeletal system
|v Handbooks, manuals, etc.
|
| 650 |
|
0 |
|a Human anatomy
|v Laboratory manuals.
|
| 776 |
0 |
8 |
|i Print version:
|a Ruiz Orozco, Martín Alonso.
|t Guías para estudiar el aparato locomotor en el anfiteatro.
|b Primera edición en español.
|d Popayán, Colombia : Editorial Universidad del Cauca, 2023
|z 9789587326260
|
| 791 |
2 |
|
|a Digitalia (Firm),
|e distributor.
|
| 793 |
0 |
|
|g Digitalia eBook Collection:
|a Editorial Universidad del Cauca
|
| 856 |
4 |
0 |
|3 Digitalia Hispánica
|u https://www.digitaliapublishing.com/a/173791/
|
| 910 |
|
|
|a Premium collection: 2025
|